Nabíjacia infraštruktúra ako aspekt rozvoja elektromobility v krajinách V4

Analýza nabíjacej infraštruktúry a elektromobilite v krajinách V4 s využitím dát a odborných štúdií svetových ekonomických inštitúcií. Rozvoj nabíjacej infraštruktúry v krajinách V4.

Salvato in:
Dettagli Bibliografici
Autore principale: Hojdik, Vladimír, 1992-
Altri autori: Raková, Monika, 1991-
Natura: Capitolo di libro
Lingua:slovacco
Soggetti:
Tags: Aggiungi Tag
Nessun Tag, puoi essere il primo ad aggiungerne!!

MARC

LEADER 00000naa a2200000 4500
001 0280081
005 20240502074338.8
041 0 |a slo 
044 |a SK 
245 1 0 |a Nabíjacia infraštruktúra ako aspekt rozvoja elektromobility v krajinách V4  |c Vladimír Hojdik, Monika Raková 
520 |a Analýza nabíjacej infraštruktúry a elektromobilite v krajinách V4 s využitím dát a odborných štúdií svetových ekonomických inštitúcií. Rozvoj nabíjacej infraštruktúry v krajinách V4. 
610 2 0 |a elektromobily 
610 2 0 |a infraštruktúra 
610 2 0 |a priemysel automobilový 
610 2 0 |a Slovensko 
610 2 0 |a Maďarsko 
610 2 0 |a Poľsko 
610 2 0 |a Česko 
610 2 0 |a Vyšehradská štvorka 
100 1 |a Hojdik, Vladimír, 1992- 
700 1 |a Raková, Monika, 1991-